El valor del patrimonio cultural: territorios rurales, experiencias y proyecciones latinoamericanas

Uloženo v:
Podrobná bibliografie
Hlavní autoři: Ranaboldo, Claudia (Autor), Schejtman, Alexander (Autor)
Médium: Kniha
Jazyk:španělština
Vydáno: Lima Instituto de Estudios Peruanos 2008
Vydání:1a. ed
Edice:Estudios de la Sociedad Rural, 35
Témata:
Tagy: Přidat tag
Žádné tagy, Buďte první, kdo vytvoří štítek k tomuto záznamu!

MARC

LEADER 00000cam a2200000 a 4500
001 UCF4385
003 CL-VaPUC
008 121206e20080900PE |||||||||||||||||spa|d
020 |a 9789972512193 
082 0 4 |a 306  |b RAN  |2 21 
100 0 |a Ranaboldo, Claudia  |e author  |9 565933 
700 0 |a Schejtman, Alexander  |e author  |9 565934 
245 1 3 |a El valor del patrimonio cultural: territorios rurales, experiencias y proyecciones latinoamericanas 
250 |a 1a. ed 
300 |a 428 p 
942 |c BK 
945 |d 20121206 00:00:00  |a dcastane 
260 |a Lima  |b Instituto de Estudios Peruanos  |c 2008 
650 0 |a Identidad cultural  |9 319131 
650 0 |a Antropología cultural y social   |9 265143 
650 0 |a Patrimonio cultural  |9 309364 
651 0 |a América Latina   |9 255027 
583 |a last modification  |c 20121206 10:49:00  |k Rodrigo Vera 
490 0 |a Estudios de la Sociedad Rural, 35 
999 |c 350192  |d 350190 
952 |0 0  |1 0  |4 0  |6 306_000000000000000_RAN_2008  |7 0  |8 X  |9 453411  |a FDOBUD  |b FDOBUD  |d 2019-11-22  |i 4930134  |o 306 RAN 2008  |p 4930134  |r 2019-11-22  |w 2019-11-22  |y BK_X  |k BUD